2026 F1 Teams - Statistics

General Stats
  • This quiz has been taken 168 times
  • The average score is 10 of 11
Answer Stats
Teams % Correct
Ferrari
99%
McLaren
99%
Red Bull Ford
99%
Mercedes
98%
Aston Martin
97%
Audi
93%
Haas
93%
Williams
92%
Alpine
91%
Cadillac
90%
Racing Bulls
88%
No matching quizzes found
Score Distribution
Percent of People with Each Score
Percentile by Number Answered
Your Score History
You have not taken this quiz